Estadísticas para Digimon Adventure - Todas las Evoluciones

Haz click aquí para intentar la prueba.

Estadísticas generales

  • Esta prueba ha sido intentada 25 veces
  • La puntuación promedio es 20 de 26

Estadísticas de respuestas

Niñ@ Elejid@Digimon% Correcto
TaiAgumon
100%
Greymon
100%
Metalgreymon
95%
MattGabumon
90%
Garurumon
90%
Wargreymon
90%
Angemon
86%
Gatomon
86%
Metalgarurumon
86%
T.K.Patamon
86%
IzzyTentomon
81%
Weregarurumon
81%
Angewomon
76%
MimiPalmon
76%
Birdramon
71%
SoraBiyomon
71%
Kabuterimon
71%
Lilimon
71%
Magnaangemon
71%
Megakabuterimon
67%
Zudomon
67%
Garudamon
62%
JoeGomamon
62%
Togemon
62%
Ikakumon
57%
KariSalamon
48%

Distribución de puntuación

Porcentaje por número respondido

Porcentaje de gente con cada puntuación

Historial de tus puntuaciones

No has intentado esta prueba.